La Presentación de enfermos: una experiencia en Costa Rica /

Gardado en:
Detalles Bibliográficos
Autor Principal: Millet, Jessica
Formato: Texto
Materias:
Etiquetas: Engadir etiqueta
Sen Etiquetas, Sexa o primeiro en etiquetar este rexistro!

MARC

LEADER 00000 a a2200000 04500
001 8739
003
040
100 |a Millet, Jessica  
245 |a La Presentación de enfermos:   |b una experiencia en Costa Rica /  |c Jessica Millet 
650 |a PSICOANALISIS  
650 |a HOSPITALES PSIQUIATRICOS  
650 |a ENFERMEDADES MENTALES  
650 |a INNOVACIONES PEDAGOGICAS  
773 |g número 12; páginas 171-180  
999 |c 34682  |d 34682